| 000 -ლიდერი |
| ფიქსირებული სიგრძის საკონტროლო ველი |
01999nam a2200265Ia 4500 |
| 001 - საკონტროლო ნომერი |
| საკონტროლო ველი |
14023 |
| 003 - საკონტროლო ნომრის იდენტიფიკატორი |
| საკონტროლო ველი |
GE_BSU |
| 005 - ბოლო ოპერაციის თარიღი და დრო |
| საკონტროლო ველი |
20241031120708.0 |
| 008 - ფიქსირებული სიგრძის მონაცემთა ელემენტები - ზოგადი ინფორმაცია |
| ფიქსირებული სიგრძის საკონტროლო ველი |
181216s1970||||ge |||||||||||||| ||geo|| |
| 040 ## - კატალოგიზაციის წყარო |
| Transcribing agency |
GE_BSU |
| 041 ## - ენის კოდი |
| Language code of text/sound track or separate title |
geo |
| 080 ## - უნივერსალური ათობითი კლასიფიკაციის ინდექსი |
| Universal Decimal Classification number |
94(479.22) ს-32 |
| 245 ## - ცნობა სათაურის შესახებ |
| Title |
საქართველოს ისტორიის ნარკვევები რვა ტომად. ტ.1 : |
| Remainder of title |
საქართველო უძველესი დროიდან ახალი წელთაღრიცხვის IV საუკუნემდე / |
| Statement of responsibility, etc |
სარედ. კოლ. : გ. მელიქიშვილი (მთ. რედ.), ი. ანთელავა, ვ. დონდუა და სხვ. ; ტომის რედ. : გ. მელიქიშვილი ; მხატვ. : ლ. გრიგოლია. პირველი ტომის ავტ. გ. მელიქიშვილი, ა. კალანდაძე და სხვ. მხატვ. ლ. გრიგოლია |
| 264 ## - წარმოების, გამოცემის, დისტრიბუციის და სხვა ცნობები |
| გამოცემის, წარმოების, დისტრიბუციის... ადგილი |
თბილისი : |
| გამოცემის, წარმოების, დისტრიბუციის... სახელწოდება |
საბჭოთა საქართველო, |
| გამოცემის, წარმოების, დისტრიბუციის... თარიღი |
1970. |
| 300 ## - ფიზიკური აღწერა |
| Extent |
814 გვ. : |
| Other physical details |
19 ფ. ილ. . |
| 500 ## - ზოგადი შენიშვნა |
| General note |
პირთა სახელების საძიებელი გვ. : 784-809 |
| 653 ## - INDEX TERM--UNCONTROLLED |
| Uncontrolled term |
საქართველო უძველესი დროიდან ახალი წელთაღრიცხვის IV საუკუნემდე |
| 653 ## - INDEX TERM--UNCONTROLLED |
| Uncontrolled term |
საქართველოს ისტორიის ნარკვევები რვა ტომად. ტ.1 |
| 700 ## - ADDED ENTRY--PERSONAL NAME |
| Personal name |
მელიქიშვილი, მ. |
| Relator term |
რედაქტორი |
| 9 (RLIN) |
23564 |
| 700 ## - ADDED ENTRY--PERSONAL NAME |
| Personal name |
ანთელავა, ი. |
| Relator term |
რედაქტორი |
| 9 (RLIN) |
23565 |
| 700 ## - ADDED ENTRY--PERSONAL NAME |
| Personal name |
დონდუა, ვ. |
| Relator term |
რედაქტორი |
| 9 (RLIN) |
16396 |
| 700 ## - ADDED ENTRY--PERSONAL NAME |
| Personal name |
გრიგოლია, ლ. |
| Relator term |
მხატვარი |
| 9 (RLIN) |
23566 |
| 942 ## - ADDED ENTRY ELEMENTS (KOHA) |
| Koha item type |
წიგნი |
| Source of classification or shelving scheme |
|